000 00908nam a22003137a 4500
001 BR7905119
003 BR-BrBNA
005 20230928090048.0
007 ta
008 230509b bl.||||| |||| 00| 0 por d
040 _aBR-BrBNA
_bpor
_cBiblioteca Nacional de Agricultura
041 _a(Por)
072 _aE70; D10
090 _ E70 BR7905119
110 1 _aCompanhia Brasileira de Alimentos, Brasilia, DF
245 1 _aAlimentos para o homem [Politica de abastecimento; Administracao publica; Brasil]
260 3 _aBrasilia, DF (Brasil):
_c[nd].
300 _avp.
500 _a20 illus.; Published after 1978
650 _aComercializacao
650 _aAdministracao publica
650 _aAlimento
650 _aPolitica de abastecimento
650 _aMercado nacional
650 _aMercado atacadista
650 _aConsumidor
909 _a202309
_bLucia
_c55
_dLucia Elande
942 _cBK
999 _c27654
_d27654